[Event "HUN-chT1 Charousek 2324"]
[Site "Hungary"]
[Date "2023.10.29"]
[Round "3.8"]
[White "Szegedy, Matyas"]
[Black "Bodo, Bence"]
[Result "1-0"]
[WhiteElo "2029"]
[BlackElo "2252"]
[PlyCount "109"]
[EventDate "2023.10.08"]
[EventType "team-tourn"]
[EventRounds "11"]
[EventCountry "HUN"]
[SourceTitle "EXT 2025"]
[Source "ChessBase"]
[SourceDate "2024.10.14"]
[SourceVersion "1"]
[SourceVersionDate "2024.10.14"]
[SourceQuality "1"]
[WhiteTeam "Paks ASE II"]
[BlackTeam "Tuxera ANSK II"]
[WhiteTeamCountry "HUN"]
[BlackTeamCountry "HUN"]

1. e4 e5 2. Nf3 Nf6 3. Nc3 Bb4 4. Nxe5 0-0 5. Be2 Re8 6. Nd3 Bxc3 7. dxc3 Nxe4 8. 0-0 d5 9. Nf4 c6 10. Be3 Nd7 11. c4 dxc4 12. Bxc4 Ne5 13. Qxd8 Rxd8 14. Bb3 Bf5 15. Rad1 b6 16. Bd4 Nd7 17. g4 Bxg4 18. f3 g5 19. Ng2 Bh5 20. fxe4 Bxd1 21. Bxf7+ Kf8 22. Bh5+ Ke7 23. Bxd1 Rf8 24. Ne3 Rxf1+ 25. Kxf1 Nf6 26. Bf3 Rd8 27. Ke2 Ke6 28. Bc3 h5 29. h3 Rh8 30. Bd4 Rh7 31. c4 Nd7 32. Nf5 c5 33. Bc3 Nf6 34. Bxf6 Kxf6 35. Ke3 Ke5 36. Ng3 g4 37. hxg4 hxg4 38. Bxg4 Rh2 39. Ne2 Rh4 40. Bf3 Rh2 41. a3 Rh7 42. Nf4 Rh2 43. Nd3+ Kd6 44. e5+ Ke7 45. Ke4 Rd2 46. Bg4 b5 47. b3 bxc4 48. bxc4 Ra2 49. Nf4 Rh2 50. Nd5+ Ke8 51. e6 a5 52. Ke5 a4 53. Kd6 Rh6 54. Bh5+ Kd8 55. Bf7 1-0

[Event "HUN-chT1 Charousek 2122"]
[Site "Hungary"]
[Date "2022.02.27"]
[Round "9.7"]
[White "Bodo, Bence"]
[Black "Volosin, Vladimir"]
[Result "1-0"]
[WhiteElo "2271"]
[BlackElo "2215"]
[PlyCount "71"]
[EventDate "2021.10.10"]
[EventType "team-tourn"]
[EventRounds "11"]
[EventCountry "HUN"]
[SourceTitle "EXT 2025"]
[Source "ChessBase"]
[SourceDate "2024.10.14"]
[SourceVersion "1"]
[SourceVersionDate "2024.10.14"]
[SourceQuality "1"]
[WhiteTeam "Tungsram ANSK II"]
[BlackTeam "Szentgotthard Alsoszolnok"]
[WhiteTeamCountry "HUN"]
[BlackTeamCountry "HUN"]

1. e4 c6 2. c4 d5 3. exd5 cxd5 4. cxd5 Qxd5 5. Nc3 Qa5 6. d4 e6 7. Nf3 Nf6 8. Bd2 Nc6 9. Bb5 Bb4 10. Qe2 0-0 11. a3 Bxc3 12. bxc3 Bd7 13. 0-0 a6 14. Bd3 Qh5 15. h3 Na5 16. Rab1 b5 17. Qe1 Qd5 18. Ne5 Rac8 19. f3 Nc4 20. Bxc4 bxc4 21. Bg5 h6 22. Bxf6 gxf6 23. Qg3+ Kh7 24. Ng4 Qg5 25. f4 Qg6 26. Qh4 Kg7 27. Rb6 Rc6 28. Rb7 Bc8 29. Ra7 h5 30. Ne3 Rg8 31. f5 exf5 32. Nd5 Kf8 33. Qf2 Re6 34. Nf4 Qg5 35. Nxe6+ fxe6 36. Rc7 1-0

[Event "HUN-chT1 Charousek 2122"]
[Site "Hungary"]
[Date "2021.10.31"]
[Round "2.3"]
[White "Molnar, Bela"]
[Black "Bodo, Bence"]
[Result "1/2-1/2"]
[WhiteElo "2308"]
[BlackElo "2284"]
[PlyCount "42"]
[EventDate "2021.10.10"]
[EventType "team-tourn"]
[EventRounds "11"]
[EventCountry "HUN"]
[SourceTitle "EXT 2025"]
[Source "ChessBase"]
[SourceDate "2024.10.14"]
[SourceVersion "1"]
[SourceVersionDate "2024.10.14"]
[SourceQuality "1"]
[WhiteTeam "Paks ASE II"]
[BlackTeam "Tungsram ANSK II"]
[WhiteTeamCountry "HUN"]
[BlackTeamCountry "HUN"]

1. c4 e6 2. Nf3 Nf6 3. g3 b6 4. Bg2 Bb7 5. 0-0 Be7 6. Nc3 0-0 7. Re1 d5 8. cxd5 exd5 9. d4 Re8 10. Ne5 Nbd7 11. Qa4 Nf8 12. Nc6 Qd7 13. Nxe7+ Rxe7 14. Qxd7 Rxd7 15. Bg5 Ne4 16. Nxe4 dxe4 17. Rac1 Bd5 18. Bh3 Be6 19. Bg2 Bd5 20. Bh3 Be6 21. Bg2 Bd5 1/2-1/2

[Event "HUN-chT2 Charousek 1819"]
[Site "Hungary"]
[Date "2018.10.07"]
[Round "2.1"]
[White "Bodo, Bence"]
[Black "Czebe, Attila"]
[Result "1-0"]
[WhiteElo "2262"]
[BlackElo "2426"]
[PlyCount "89"]
[EventDate "2018.09.23"]
[EventType "team-tourn"]
[EventRounds "11"]
[EventCountry "HUN"]
[SourceTitle "CBM 189 Extra"]
[Source "ChessBase"]
[SourceDate "2019.05.31"]
[SourceVersion "1"]
[SourceVersionDate "2019.05.31"]
[SourceQuality "1"]
[WhiteTeam "Tapolca Varosi"]
[BlackTeam "Ajka Banyasz"]
[WhiteTeamCountry "HUN"]
[BlackTeamCountry "HUN"]

1. d4 Nf6 2. Nf3 c5 3. e3 d5 4. c4 cxd4 5. exd4 g6 6. Nc3 Bg7 7. Bf4 0-0 8. h3 Nc6 9. Be5 b6 10. Bxf6 Bxf6 11. cxd5 Nb4 12. Qb3 Na6 13. Bb5 Nc7 14. Bc6 Rb8 15. 0-0 e6 16. Rad1 Bg7 17. dxe6 Nxe6 18. d5 Nc5 19. Qa3 a5 20. Rfe1 Ba6 21. Ne4 Nxe4 22. Rxe4 Rc8 23. Rde1 Qf6 24. Ne5 Rfd8 25. Ng4 Qf5 26. Qe3 h5 27. Nh6+ Bxh6 28. Qxh6 Qf6 29. b3 Qg7 30. Qe3 Rb8 31. Re7 Rd6 32. Re8+ Rxe8 33. Qxe8+ Qf8 34. Qxf8+ Kxf8 35. Re8+ Kg7 36. Rb8 Bd3 37. Rxb6 Kf6 38. Rb7 a4 39. bxa4 Bc4 40. Rd7 Rxd7 41. Bxd7 Bxd5 42. a3 Ke5 43. h4 Kd4 44. Kh2 Kc4 45. a5 1-0

[Event "HUN-chT2 Charousek 1819"]
[Site "Hungary"]
[Date "2018.10.07"]
[Round "2.4"]
[White "Gombocz, Ferenc Jr"]
[Black "Bodo, Bence"]
[Result "1-0"]
[WhiteElo "2295"]
[BlackElo "2262"]
[PlyCount "105"]
[EventDate "2018.09.23"]
[EventType "team-tourn"]
[EventRounds "11"]
[EventCountry "HUN"]
[SourceTitle "CBM 189 Extra"]
[Source "ChessBase"]
[SourceDate "2019.05.31"]
[SourceVersion "1"]
[SourceVersionDate "2019.05.31"]
[SourceQuality "1"]
[WhiteTeam "Balatonfuered"]
[BlackTeam "Tapolca Varosi"]
[WhiteTeamCountry "HUN"]
[BlackTeamCountry "HUN"]

1. c4 Nf6 2. g3 c6 3. Bg2 d5 4. Nf3 Bf5 5. 0-0 e6 6. b3 Be7 7. Bb2 0-0 8. d3 Na6 9. Nbd2 Nc5 10. Nd4 Bg6 11. N2f3 Qb8 12. Nc2 Rd8 13. b4 Ncd7 14. c5 a5 15. a3 b6 16. Ncd4 Rc8 17. b5 cxb5 18. c6 Nc5 19. Rc1 Qd6 20. Qc2 Ne8 21. Qb1 b4 22. Qa2 Bf6 23. a4 Qe7 24. Rfd1 Nd6 25. Nd2 Bxd4 26. Bxd4 Rxc6 27. e4 Rac8 28. exd5 exd5 29. Qxd5 Nf5 30. Qe5 Rf6 31. Bxc5 bxc5 32. Qd5 Nd4 33. Qxd4 Rd6 34. Qg4 Rcd8 35. Nb3 h5 36. Qc4 Rxd3 37. Rxd3 Rxd3 38. Qxc5 Qe2 39. Bf1 Rd1 40. Rxd1 Qxd1 41. Qc4 Bc2 42. Nxa5 b3 43. Nxb3 Bxb3 44. Qc8+ Kh7 45. a5 Qf3 46. Bg2 Qd1+ 47. Bf1 Qf3 48. Qa6 Bc2 49. Qe2 Qf5 50. a6 Be4 51. Bg2 Bd3 52. Qe3 Qb5 53. Be4+ 1-0

[Event "HUN-chT2 Charousek 1516"]
[Site "Hungary"]
[Date "2016.04.17"]
[Round "9.2"]
[White "Bekefi, Laszlo"]
[Black "Bodo, Bence"]
[Result "0-1"]
[WhiteElo "2216"]
[BlackElo "2239"]
[PlyCount "78"]
[EventDate "2015.10.18"]
[EventType "team-tourn"]
[EventRounds "9"]
[EventCountry "HUN"]
[SourceTitle "EXT 2017"]
[Source "ChessBase"]
[SourceDate "2016.10.25"]
[SourceVersion "1"]
[SourceVersionDate "2016.10.25"]
[SourceQuality "1"]
[WhiteTeam "SZASTE"]
[BlackTeam "Tapolca Rockwool"]
[WhiteTeamCountry "HUN"]
[BlackTeamCountry "HUN"]

1. e4 e5 2. Nf3 Nf6 3. Nxe5 d6 4. Nf3 Nxe4 5. Nc3 Nxc3 6. dxc3 Be7 7. Be3 Be6 8. Qd2 Nc6 9. 0-0-0 Qd7 10. Kb1 Bf6 11. Bg5 Bxg5 12. Qxg5 f6 13. Qf4 Qf7 14. a3 0-0-0 15. Nd4 g5 16. Qd2 Nxd4 17. cxd4 Bd5 18. h4 h6 19. f3 Rhg8 20. Bd3 f5 21. Rde1 f4 22. hxg5 hxg5 23. Rh7 Rg7 24. Rxg7 Qxg7 25. c4 Bg8 26. Bf5+ Kb8 27. d5 Bh7 28. Qc2 Bxf5 29. Qxf5 Rh8 30. Ka2 a5 31. Re4 Ka7 32. Qg4 Rh4 33. Qf5 Rh1 34. Qg4 Rd1 35. Re2 Qd4 36. Rc2 Qd3 37. Rc3 Qb1+ 38. Kb3 Rd2 39. Ka4 Rxb2 0-1

[Event "HUN-chT2 Charousek 1415"]
[Site "Hungary"]
[Date "2015.04.26"]
[Round "9"]
[White "Bodo, Bence"]
[Black "Veszpremi, Andras"]
[Result "0-1"]
[WhiteElo "2194"]
[BlackElo "2243"]
[PlyCount "72"]
[EventDate "2014.10.12"]
[EventType "team-tourn"]
[EventRounds "9"]
[EventCountry "HUN"]
[SourceTitle "EXT 2016"]
[Source "ChessBase"]
[SourceDate "2015.10.08"]
[SourceVersion "1"]
[SourceVersionDate "2015.10.08"]
[SourceQuality "1"]
[WhiteTeam "Tapolca"]
[BlackTeam "Decs"]
[WhiteTeamCountry "HUN"]
[BlackTeamCountry "HUN"]

1. e4 c5 2. Nf3 e6 3. c4 a6 4. Nc3 Nc6 5. d4 cxd4 6. Nxd4 Qc7 7. Be3 Nf6 8. a3 Nxd4 9. Qxd4 Ng4 10. Qb6 Qc6 11. Bd4 Qxb6 12. Bxb6 d6 13. 0-0-0 Be7 14. h3 Nf6 15. Bc7 e5 16. Bxd6 Bxd6 17. Rxd6 Be6 18. c5 0-0 19. Be2 Rfc8 20. b4 a5 21. Kb2 axb4 22. axb4 Nxe4 23. Nxe4 Ra2+ 24. Kc3 Rxe2 25. Rhd1 Kf8 26. Kd3 Rb2 27. Rb6 Ra8 28. Nc3 Rxf2 29. Rxb7 Rxg2 30. Ke4 Bxh3 31. c6 Rg3 32. Nd5 Re8 33. Ne3 f5+ 34. Kd5 Rxe3 35. Kc5 Rc3+ 36. Kb6 Rxc6+ 0-1

[Event "HUN-chT2 Charousek 1314"]
[Site "Hungary"]
[Date "2014.03.23"]
[Round "9"]
[White "Matrahalmi, Tibor"]
[Black "Bodo, Bence"]
[Result "1-0"]
[WhiteElo "2308"]
[BlackElo "2178"]
[PlyCount "89"]
[EventDate "2013.09.08"]
[EventType "team-tourn"]
[EventRounds "11"]
[EventCountry "HUN"]
[SourceTitle "EXT 2016"]
[Source "ChessBase"]
[SourceDate "2015.10.08"]
[SourceVersion "1"]
[SourceVersionDate "2015.10.08"]
[SourceQuality "1"]
[WhiteTeam "Geniusz Tata"]
[BlackTeam "Tapolca"]
[WhiteTeamCountry "HUN"]
[BlackTeamCountry "HUN"]

1. e4 e5 2. Nf3 Nf6 3. Nxe5 d6 4. Nf3 Nxe4 5. Nc3 Nxc3 6. dxc3 Be7 7. Be3 Be6 8. Qd2 a6 9. 0-0-0 Nc6 10. Kb1 Qd7 11. h4 h6 12. Nd4 Ne5 13. b3 Bd5 14. Nf5 Qxf5 15. Qxd5 c6 16. Qa5 d5 17. Qc7 Bf6 18. Bc5 Qd7 19. Qa5 g5 20. Re1 Bg7 21. g3 g4 22. f4 gxf3 23. Bh3 Qd8 24. Qb4 f2 25. Re2 b6 26. Bxb6 Qb8 27. Qc5 Qb7 28. Qd6 Qe7 29. Rxe5 Bxe5 30. Qxc6+ Kf8 31. Bc5 Re8 32. Qxd5 Bxc3 33. a4 Kg7 34. Bxe7 Rxe7 35. Ka2 Re1 36. Rf1 Rhe8 37. b4 R8e2 38. Kb3 Bf6 39. b5 a5 40. b6 Re3+ 41. Kc4 Rc3+ 42. Kb5 Rxc2 43. Ka6 Rb2 44. b7 Re5 45. Qd6 1-0

[Event "Balatonalmadi Pannonia Cup 18th"]
[Site "Balatonalmadi"]
[Date "2013.07.28"]
[Round "7"]
[White "Benedeczky, Lehel"]
[Black "Bodo, Bence"]
[Result "0-1"]
[WhiteElo "1969"]
[BlackElo "2171"]
[PlyCount "60"]
[EventDate "2013.07.24"]
[EventType "swiss"]
[EventRounds "7"]
[EventCountry "HUN"]
[SourceTitle "EXT 2016"]
[Source "ChessBase"]
[SourceDate "2015.10.08"]
[SourceVersion "1"]
[SourceVersionDate "2015.10.08"]
[SourceQuality "1"]

1. d4 Nf6 2. c4 e6 3. Nf3 b6 4. g3 Bb7 5. Bg2 c5 6. 0-0 cxd4 7. Nxd4 Bxg2 8. Kxg2 Bc5 9. Nc3 0-0 10. e4 d5 11. cxd5 exd5 12. e5 Bxd4 13. exf6 Bxc3 14. bxc3 Qxf6 15. Qxd5 Qc6 16. c4 Rd8 17. Qxc6 Nxc6 18. Be3 Rac8 19. Rfd1 f6 20. c5 b5 21. Rd6 Kf7 22. Rb1 a6 23. a4 b4 24. a5 Rxd6 25. cxd6 Ke6 26. Rd1 Kd7 27. Bb6 Re8 28. Rd3 Re5 29. Re3 Rxe3 30. fxe3 b3 0-1

[Event "Balatonalmadi Pannonia Cup 18th"]
[Site "Balatonalmadi"]
[Date "2013.07.26"]
[Round "4"]
[White "Bodo, Bence"]
[Black "Laza, Szabolcs"]
[Result "1/2-1/2"]
[WhiteElo "2171"]
[BlackElo "1968"]
[PlyCount "86"]
[EventDate "2013.07.24"]
[EventType "swiss"]
[EventRounds "7"]
[EventCountry "HUN"]
[SourceTitle "EXT 2016"]
[Source "ChessBase"]
[SourceDate "2015.10.08"]
[SourceVersion "1"]
[SourceVersionDate "2015.10.08"]
[SourceQuality "1"]

1. e4 c5 2. Nf3 d6 3. Bb5+ Bd7 4. Bxd7+ Qxd7 5. 0-0 Nc6 6. c3 Nf6 7. Qe2 e6 8. d4 cxd4 9. cxd4 d5 10. e5 Ne4 11. Be3 Be7 12. Ne1 f6 13. f3 Ng5 14. exf6 Bxf6 15. Qd2 Nf7 16. Na3 0-0 17. Rd1 Nd6 18. Bf2 Rac8 19. Qe2 Rfe8 20. Nb5 Nxb5 21. Qxb5 Ne5 22. Qe2 Nc4 23. Nd3 b6 24. b3 Na3 25. Qb2 Nb5 26. a4 Nd6 27. Rfe1 Nf5 28. Rc1 Rxc1 29. Rxc1 Rc8 30. g4 Nh4 31. Rxc8+ Qxc8 32. Bxh4 Bxh4 33. Qe2 Bf6 34. Qe3 g5 35. f4 Qc3 36. Qxe6+ Kg7 37. Qd7+ Kh8 38. Qe8+ Kg7 39. fxg5 Bxd4+ 40. Nf2 Qf3 41. Qe7+ Kg6 42. Qd6+ Kf7 43. Qd7+ Kg6 1/2-1/2

[Event "Balatonalmadi Pannonia Cup 18th"]
[Site "Balatonalmadi"]
[Date "2013.07.25"]
[Round "3"]
[White "Koczo, Kristof"]
[Black "Bodo, Bence"]
[Result "1-0"]
[WhiteElo "2269"]
[BlackElo "2171"]
[PlyCount "189"]
[EventDate "2013.07.24"]
[EventType "swiss"]
[EventRounds "7"]
[EventCountry "HUN"]
[SourceTitle "EXT 2016"]
[Source "ChessBase"]
[SourceDate "2015.10.08"]
[SourceVersion "1"]
[SourceVersionDate "2015.10.08"]
[SourceQuality "1"]

1. d4 Nf6 2. c4 e6 3. Nf3 c5 4. d5 b5 5. Bg5 Qa5+ 6. Nc3 bxc4 7. Bxf6 gxf6 8. e4 d6 9. Bxc4 e5 10. Bb5+ Bd7 11. Bxd7+ Nxd7 12. Nh4 Rb8 13. Qe2 Qb4 14. 0-0 Qxb2 15. Qf3 Qa3 16. Rab1 Rb6 17. Nf5 Rg8 18. Qd3 Rg5 19. Qc4 Qa5 20. Rxb6 Nxb6 21. Qb3 c4 22. Qc2 Kd7 23. Rb1 Be7 24. a4 a6 25. Qb2 Bd8 26. Ne3 Bc7 27. Qb4 Qxb4 28. Rxb4 Kd8 29. Nxc4 Nd7 30. f3 Nc5 31. g4 h5 32. h3 Kd7 33. Rb1 Rg8 34. Kf2 Nd3+ 35. Kg3 Nf4 36. Rb7 Rb8 37. Nb6+ Kd8 38. Rxb8+ Bxb8 39. a5 Bc7 40. gxh5 Nxh5+ 41. Kg4 Nf4 42. h4 Ng2 43. h5 Ne3+ 44. Kh3 Ke7 45. Nd7 Bxa5 46. h6 Bxc3 47. h7 Kxd7 48. h8Q Bb4 49. Qxf6 Ke8 50. Qh8+ Ke7 51. Qb8 Bc5 52. Qb7+ Kf6 53. Qxa6 Nc2 54. Qc8 Nd4 55. Kg4 Ne2 56. Qf8 Nf4 57. Qd8+ Kg7 58. Kf5 Ng6 59. Qf6+ Kg8 60. Kg4 Nf4 61. Kg5 Ng6 62. Kh6 Be3+ 63. f4 Bxf4+ 64. Kh5 Be3 65. Qxd6 Kg7 66. Qc7 Bd4 67. d6 Nf4+ 68. Kg4 Ne6 69. Qc8 Bb6 70. d7 Bd8 71. Qb8 Bf6 72. Kf3 Nd4+ 73. Ke3 Ne6 74. Qd6 Bg5+ 75. Kd3 Bf6 76. Kc4 Nd8 77. Kb5 Ne6 78. Kb6 Nd8 79. Kc7 Ne6+ 80. Kc8 Kg6 81. Qd1 Kh6 82. Qf3 Kg6 83. Qf2 Kg7 84. Qf5 Be7 85. Qxe5+ Bf6 86. Qf5 Be7 87. Qg4+ Kf8 88. e5 Nd8 89. Qf3 Kg8 90. Qf6 Bxf6 91. exf6 Ne6 92. d8Q+ Kh7 93. Qe7 Kg6 94. Kd7 Nd4 95. Ke8 1-0

[Event "HUN-chT2 Szechenyi 1213"]
[Site "Hungary"]
[Date "2013.03.24"]
[Round "9.4"]
[White "Tamas, Gyorgy"]
[Black "Bodo, Bence"]
[Result "0-1"]
[WhiteElo "2119"]
[BlackElo "2154"]
[PlyCount "58"]
[EventDate "2012.09.16"]
[EventType "team-tourn"]
[EventRounds "11"]
[EventCountry "HUN"]
[SourceTitle "EXT 2014"]
[Source "ChessBase"]
[SourceDate "2013.11.20"]
[SourceVersion "1"]
[SourceVersionDate "2013.11.20"]
[SourceQuality "1"]
[WhiteTeam "Zala Volan"]
[BlackTeam "Tapolca"]
[WhiteTeamCountry "HUN"]
[BlackTeamCountry "HUN"]

1. Nf3 Nf6 2. b3 e6 3. Bb2 b6 4. e3 Bb7 5. Be2 Be7 6. 0-0 d5 7. d3 Nbd7 8. c4 0-0 9. Nc3 c5 10. Rc1 Rc8 11. cxd5 Nxd5 12. d4 Bf6 13. Ne4 Be7 14. dxc5 Nxc5 15. Qd4 Nf6 16. Nxc5 Rxc5 17. Rxc5 Bxc5 18. Qa4 Qe7 19. Rd1 a5 20. h3 Rd8 21. Rxd8+ Qxd8 22. Qh4 Be7 23. Bd4 Nd5 24. Qg4 Bf6 25. Ne5 Qc7 26. Qg3 Qc1+ 27. Kh2 Qc7 28. Bb5 h5 29. f4 Qc2 0-1

[Event "HUN-chT2 Szechenyi 1213"]
[Site "Hungary"]
[Date "2013.01.27"]
[Round "6.5"]
[White "Haasz, Gyula"]
[Black "Bodo, Bence"]
[Result "0-1"]
[WhiteElo "1797"]
[BlackElo "2154"]
[PlyCount "68"]
[EventDate "2012.09.16"]
[EventType "team-tourn"]
[EventRounds "11"]
[EventCountry "HUN"]
[SourceTitle "EXT 2014"]
[Source "ChessBase"]
[SourceDate "2013.11.20"]
[SourceVersion "1"]
[SourceVersionDate "2013.11.20"]
[SourceQuality "1"]
[WhiteTeam "Zalaegerszeg Bagi"]
[BlackTeam "Tapolca"]
[WhiteTeamCountry "HUN"]
[BlackTeamCountry "HUN"]

1. Nf3 Nf6 2. g3 d5 3. Bg2 b5 4. Nd4 a6 5. a4 b4 6. c4 e5 7. Nf3 e4 8. Ng1 dxc4 9. Qc2 Qd4 10. Bf1 b3 11. Qd1 Be6 12. e3 Qd7 13. Be2 Nc6 14. f3 Nb4 15. Na3 Nd3+ 16. Bxd3 exd3 17. Nb1 h5 18. h4 Nd5 19. Nc3 Nb4 20. Kf2 Nc2 21. Rb1 Bb4 22. Ne4 Qxa4 23. Nc3 Qc6 24. Nh3 Bxh3 25. Rxh3 Bxc3 26. dxc3 0-0-0 27. Bd2 Rhe8 28. Qh1 Qd6 29. f4 Nxe3 30. Re1 Ng4+ 31. Kf1 Qd5 32. Qxd5 Rxe1+ 33. Kxe1 Rxd5 34. Bc1 Rd8 0-1

[Event "HUN-chT2 Szechenyi 1213"]
[Site "Hungary"]
[Date "2012.12.02"]
[Round "5.4"]
[White "Bajak, Andras"]
[Black "Bodo, Bence"]
[Result "1-0"]
[WhiteElo "2004"]
[BlackElo "2154"]
[PlyCount "107"]
[EventDate "2012.09.16"]
[EventType "team-tourn"]
[EventRounds "11"]
[EventCountry "HUN"]
[SourceTitle "EXT 2014"]
[Source "ChessBase"]
[SourceDate "2013.11.20"]
[SourceVersion "1"]
[SourceVersionDate "2013.11.20"]
[SourceQuality "1"]
[WhiteTeam "Haladas III"]
[BlackTeam "Tapolca"]
[WhiteTeamCountry "HUN"]
[BlackTeamCountry "HUN"]

1. d4 Nf6 2. c4 e6 3. g3 Bb4+ 4. Bd2 Bxd2+ 5. Nxd2 d5 6. Ngf3 b6 7. Qa4+ Qd7 8. Qxd7+ Nbxd7 9. Rc1 c6 10. Bg2 Ba6 11. 0-0 0-0 12. Rc2 Rac8 13. Rfc1 c5 14. dxc5 bxc5 15. cxd5 Nxd5 16. Ne4 Nb4 17. Rd2 Nb6 18. a3 Nc4 19. Rxc4 Bxc4 20. Nd6 Nd5 21. Nxc4 Rfd8 22. Kf1 Nb6 23. Nd6 Rc7 24. Nb5 Rcd7 25. Ke1 a6 26. Rxd7 Nxd7 27. Nc3 Rb8 28. Nd1 Kf8 29. Kd2 Ke7 30. Kc2 f5 31. Nd2 Nb6 32. Nc3 g5 33. e4 f4 34. g4 Rh8 35. Bf3 Kf6 36. Be2 Nd7 37. Bxa6 h5 38. h3 hxg4 39. hxg4 Ne5 40. Be2 Rh2 41. f3 Nc6 42. Bd1 Rg2 43. Na4 Ne5 44. b3 c4 45. b4 Rg1 46. Nb2 Rg2 47. Kc3 Rg3 48. Be2 Nxg4 49. e5+ Kxe5 50. Nbxc4+ Kd5 51. Bd3 Nf2 52. Ne4 Rxf3 53. Nf6+ Kc6 54. Ne5+ 1-0

[Event "HUN-chT2 Szechenyi 1213"]
[Site "Hungary"]
[Date "2012.11.04"]
[Round "3.5"]
[White "Bodo, Bence"]
[Black "Szakaly, Laszlo"]
[Result "1-0"]
[WhiteElo "2154"]
[BlackElo "2021"]
[PlyCount "107"]
[EventDate "2012.09.16"]
[EventType "team-tourn"]
[EventRounds "11"]
[EventCountry "HUN"]
[SourceTitle "EXT 2014"]
[Source "ChessBase"]
[SourceDate "2013.11.20"]
[SourceVersion "1"]
[SourceVersionDate "2013.11.20"]
[SourceQuality "1"]
[WhiteTeam "Tapolca"]
[BlackTeam "Keszthely"]
[WhiteTeamCountry "HUN"]
[BlackTeamCountry "HUN"]

1. e4 c5 2. Nf3 d6 3. Bb5+ Bd7 4. Bxd7+ Qxd7 5. 0-0 Nc6 6. c3 Nf6 7. Qe2 g6 8. d4 cxd4 9. cxd4 d5 10. e5 Ne4 11. Be3 Bg7 12. Ne1 h6 13. f3 Ng5 14. Qd2 0-0 15. Nc2 Rac8 16. Re1 Qf5 17. Nc3 Rfd8 18. Rac1 a6 19. h4 Ne6 20. Ne2 Qh5 21. Bf2 g5 22. g4 Qg6 23. h5 Qh7 24. Ne3 Nc7 25. Nf5 Bf8 26. f4 Ne6 27. Be3 gxf4 28. Bxf4 Nxf4 29. Qxf4 e6 30. Nfg3 Be7 31. Qf3 Bg5 32. Rcd1 Nb4 33. Nc3 Rd7 34. a3 Nc6 35. Na4 Rdc7 36. Nb6 Rf8 37. b4 f6 38. Rf1 Rcf7 39. exf6 Bxf6 40. Qe3 Qg7 41. Qxe6 Bxd4+ 42. Kh1 Bxb6 43. Nf5 Kh8 44. Nxg7 Rxf1+ 45. Rxf1 Rxf1+ 46. Kg2 Rf2+ 47. Kg3 Kxg7 48. Qg6+ Kf8 49. Qxh6+ Ke8 50. Qe6+ Kd8 51. Qxd5+ Kc7 52. h6 Bd4 53. Qxd4 Nxd4 54. Kxf2 1-0

[Event "Balatonalmadi Pannonia Cup 17th"]
[Site "Balatonalmadi"]
[Date "2012.07.27"]
[Round "4"]
[White "Bodo, Bence"]
[Black "Polyik, Peter"]
[Result "1-0"]
[WhiteElo "2154"]
[BlackElo "1748"]
[PlyCount "47"]
[EventDate "2012.07.25"]
[EventType "swiss"]
[EventRounds "7"]
[EventCountry "HUN"]
[SourceTitle "EXT 2016"]
[Source "ChessBase"]
[SourceDate "2015.10.08"]
[SourceVersion "1"]
[SourceVersionDate "2015.10.08"]
[SourceQuality "1"]

1. e4 c5 2. Nf3 d6 3. Bb5+ Bd7 4. Bxd7+ Qxd7 5. 0-0 Nc6 6. c3 Nf6 7. Qe2 g6 8. d4 cxd4 9. cxd4 d5 10. e5 Ne4 11. Nbd2 Nxd2 12. Bxd2 e6 13. Rac1 Rc8 14. b4 Bxb4 15. Rxc6 Qxc6 16. Bxb4 Qc4 17. Qd2 h6 18. Bd6 Rc6 19. Qf4 Rxd6 20. exd6 Qxa2 21. d7+ Kxd7 22. Ne5+ Kc8 23. Rc1+ Kb8 24. Nxf7+ 1-0

[Event "HUN-ch U18"]
[Site "Budapest"]
[Date "2012.04.05"]
[Round "2"]
[White "Bodo, Bence"]
[Black "Bagi, Mate"]
[Result "0-1"]
[WhiteElo "2119"]
[BlackElo "2336"]
[PlyCount "62"]
[EventDate "2012.04.04"]
[EventType "swiss"]
[EventRounds "7"]
[EventCountry "HUN"]
[SourceTitle "EXT 2025"]
[Source "ChessBase"]
[SourceDate "2024.10.14"]
[SourceVersion "1"]
[SourceVersionDate "2024.10.14"]
[SourceQuality "1"]

1. e4 e5 2. Nf3 Nc6 3. Bc4 Nf6 4. d3 Be7 5. h3 0-0 6. Bg5 d6 7. Bxf6 Bxf6 8. Nbd2 Na5 9. Qe2 c6 10. Bb3 Nxb3 11. axb3 g6 12. g4 Bg7 13. Qe3 b6 14. Rg1 d5 15. c4 d4 16. Qe2 Be6 17. h4 h6 18. Qf1 b5 19. Ke2 a5 20. Qc1 Qd7 21. Nh2 Qe7 22. h5 Kh7 23. Ndf3 gxh5 24. g5 f6 25. g6+ Kg8 26. cxb5 cxb5 27. Nh4 f5 28. Nxf5 Bxf5 29. exf5 e4 30. Qc6 exd3+ 31. Kxd3 Qe5 0-1

[Event "HUN-chT2 Szechenyi 1112"]
[Site "Hungary"]
[Date "2012.03.25"]
[Round "8.4"]
[White "Odor, Istvan"]
[Black "Bodo, Bence"]
[Result "1/2-1/2"]
[WhiteElo "2073"]
[BlackElo "2113"]
[PlyCount "108"]
[EventDate "2011.09.25"]
[EventType "team-tourn"]
[EventRounds "11"]
[EventCountry "HUN"]
[SourceTitle "EXT 2013"]
[Source "ChessBase"]
[SourceDate "2012.11.22"]
[SourceVersion "1"]
[SourceVersionDate "2012.11.22"]
[SourceQuality "1"]
[WhiteTeam "Sarvar"]
[BlackTeam "Tapolca"]
[WhiteTeamCountry "HUN"]
[BlackTeamCountry "HUN"]

1. e4 e5 2. Nf3 Nf6 3. Nxe5 d6 4. Nf3 Nxe4 5. Nc3 Nxc3 6. dxc3 Be7 7. Bf4 Be6 8. Nd4 Qd7 9. Qd2 Nc6 10. Bb5 a6 11. Be2 Bf6 12. Nxe6 Qxe6 13. 0-0 0-0 14. Rfe1 Qd7 15. h3 Rae8 16. Rad1 Re7 17. c4 Qf5 18. Bd3 Rxe1+ 19. Rxe1 Qd7 20. c3 Re8 21. Be3 Qe6 22. Qc2 g6 23. Bd2 Qd7 24. Rf1 Ne5 25. f4 Nxd3 26. Qxd3 Qf5 27. Qxf5 gxf5 28. Kf2 Re4 29. b3 Kf8 30. Re1 Re6 31. Kf3 h5 32. g4 hxg4+ 33. hxg4 fxg4+ 34. Kxg4 Bg7 35. f5 Rxe1 36. Bxe1 Bf6 37. Kf4 c6 38. Ke4 Bg5 39. a4 Ke7 40. b4 Bf6 41. Bd2 b5 42. cxb5 d5+ 43. Kd3 cxb5 44. axb5 axb5 45. Bf4 Bg7 46. Bg5+ Kd6 47. f6 Bf8 48. Kd4 Ke6 49. Bh4 Kd6 50. Bg5 Kc6 51. Bf4 Bd6 52. Be5 Bf8 53. Bf4 Bd6 54. Be5 Bf8 1/2-1/2

[Event "HUN-chT2 Szechenyi 1112"]
[Site "Hungary"]
[Date "2012.03.12"]
[Round "7.5"]
[White "Buzeti, Jernej"]
[Black "Bodo, Bence"]
[Result "1/2-1/2"]
[WhiteElo "2301"]
[BlackElo "2113"]
[PlyCount "52"]
[EventDate "2011.09.25"]
[EventType "team-tourn"]
[EventRounds "11"]
[EventCountry "HUN"]
[SourceTitle "EXT 2013"]
[Source "ChessBase"]
[SourceDate "2012.11.22"]
[SourceVersion "1"]
[SourceVersionDate "2012.11.22"]
[SourceQuality "1"]
[WhiteTeam "Alsoszolnok"]
[BlackTeam "Tapolca"]
[WhiteTeamCountry "HUN"]
[BlackTeamCountry "HUN"]

1. e4 e5 2. Nf3 Nf6 3. Nxe5 d6 4. Nf3 Nxe4 5. Nc3 Nxc3 6. dxc3 Be7 7. Bf4 Nc6 8. Qd2 a6 9. 0-0-0 Be6 10. h4 Qd7 11. Ng5 Bxg5 12. hxg5 0-0-0 13. Kb1 Rde8 14. b3 Ne7 15. c4 Ng6 16. Be3 f5 17. g3 f4 18. gxf4 Bg4 19. Re1 Qc6 20. Rg1 Bf5 21. Bg2 Be4 22. Bh3+ Kb8 23. Qd4 b6 24. Qxg7 Re7 25. Qc3 Rf8 26. Kb2 Ref7 1/2-1/2